000 00392nam a22001697a 4500
003 MPLRDC
005 20220104142837.0
008 210129b ||||| |||| 00| 0 eng d
082 _a247.4 ALE
100 _aJOHN W.ALEXANDER著; 王一平译
245 _a如何
_c
250 _a初版
260 _a
_b亚洲归主协会
_c1977
300 _b
650 _a
942 _cBK
_o247.4 ALE
999 _c34173
_d34163